000 01035cam a2200241 4500
001 ABS65862
008 020905n2002 000 0 eng u
035 _a(Sirsi) u119575
100 _aRoberts, P.
245 2 _aA democratic future for the English regions
260 _c2002
490 _aTown & Country Planning
_v71 (July/August 2002) 194-195(2)
520 _aThe White paper 'Your region your choice', published in May has outlined a set of proposals designed to deliver eight elected regional assemblies in the English regions outside greater London. What is proposed is the regions have a blend of different types of executive functions. However, it is essential to see devolution as a much more gradual process rather than a single event.
590 _aABS
650 _aREGIONAL ASSEMBLIES
650 _aENGLISH REGIONS
650 _aSCOTTISH PARLIAMENT
650 _aGREATER LONDON ASSEMBLY
650 _aREGIONAL DEVELOPMENT AGENCIES
650 _aNICK RAYNSFORD
690 _aLOCAL GOVERNMENT
942 _n0
999 _c71093
_d71093